Czołgi i samobieżne działa pancerne Wojska Polskiego 1919-2016
| Titel: | Czołgi i samobieżne działa pancerne Wojska Polskiego 1919-2016 / Tomasz Szczerbicki |
|---|---|
| Verfasser: | |
| Ausgabe: | Wydanie 1 |
| Veröffentlicht: | Czerwonak : Vesper, Sierpień 2017 |
| Umfang: | 518 Seiten : Illustrationen ; 28 cm |
| Format: | Buch |
| Sprache: | Polnisch |
| ISBN: | 8377312492 ; 9788377312490 |
| Hinweise zum Inhalt: |
Inhaltsverzeichnis
|
alg: 41948424 001A $03004:26-10-17 001B $01999:04-11-22 $t18:30:03.000 001C $03004:02-02-18 $t08:51:17.000 001D $03004:02-02-18 001U $0utf8 001X $00 002@ $0Aau 002C $aText $btxt $2rdacontent 002D $aohne Hilfsmittel zu benutzen $bn $2rdamedia 002E $aBand $bnc $2rdacarrier 003@ $0419484248 004A $083-7731-249-2 004A $A978-83-7731-249-0 006C $01003024741 $aOCoLC 007A $0419484248 $aHEB 007G $0DE020D84ECBB2461A00B3C125822C004C6A4E 009P $qapplication/pdf $A2 $3Inhaltsverzeichnis $uhttp://scans.hebis.de/HEBCGI/show.pl?41948424_toc.pdf $mV:DE-603;B:DE-Mb50 010@ $apol 010E $erda 011@ $a2017 $nSierpień 2017 021A $aCzołgi i samobieżne działa pancerne Wojska Polskiego 1919-2016 $hTomasz Szczerbicki 028A $BVerfasser $4aut $D20220215 $Ecgwrk $71033704407 $8Szczerbicki, Tomasz [Tp3] $9320681467 032@ $aWydanie 1 033A $pCzerwonak $nVesper 034D $a518 Seiten 034I $a28 cm 034M $aIllustrationen 044K $RPolen $RPolen $#WP $#Siły Zbrojne Rzeczypospolitej Polskiej $#Streitkräfte der Volksrepublik Polen $#Polen, Armee Wojsko $#Polnische Armee $#Armee Polska, Wojsko $#Armée Polonaise $#Wojsko Polskie $#Wojsko Polen $#Polish Army $#Polen, Ministerstwo Obrony Narodowej, Wojsko $72077025-X $8Polen$bWojsko [Tb1] $9043232337 044K $RMilitärfahrzeug $#Tanks (Military science) $#Chars d'assaut $#Carri armati $#Tanques (Ejército) $#Panzerkampfwagen $#Tank Panzer $74044497-1 $8Panzer [Ts1] $9085124974 044K $RLafette $74319353-5 $8Selbstfahrlafette [Ts1] $9086760351 045R $aGeschichte 1919-2016 lok: 41948424 24 exp: 41948424 24 1 #EPN 201B/01 $002-02-18 $t08:52:55.000 201C/01 $026-10-17 201U/01 $0utf8 203@/01 $01009111272 208@/01 $a02-02-18 $bz 209A/01 $a18.00257 $du $f050 $h18 00257 $x00 209C/01 $a18.00257 K $h18 00257 K 209G/01 $a73983088 $x00 220C/01 $aho-sz 247C/01 $8358050-7Marburg, Bibliothek des Herder-Instituts Marburg $9102600961
| LEADER | 00000cam a2200000 c 4500 | ||
|---|---|---|---|
| 001 | 419484248 | ||
| 003 | DE-603 | ||
| 005 | 20221104183003.0 | ||
| 007 | tu | ||
| 008 | 171026s2017 xx |||| | u00||u|pol c | ||
| 020 | |a 8377312492 | ||
| 020 | |a 9788377312490 | ||
| 035 | |a (DE-599)HEB419484248 | ||
| 040 | |a DE-603 |b ger |c DE-603 |d DE-603 |e rda | ||
| 041 | |a pol | ||
| 100 | 1 | |a Szczerbicki, Tomasz |e Verfasser |4 aut |0 (DE-603)320681467 |0 (DE-588)1033704407 |2 gnd | |
| 245 | 0 | 0 | |a Czołgi i samobieżne działa pancerne Wojska Polskiego 1919-2016 |c Tomasz Szczerbicki |
| 250 | |a Wydanie 1 | ||
| 264 | 1 | |a Czerwonak |b Vesper |c Sierpień 2017 | |
| 300 | |a 518 Seiten |b Illustrationen |c 28 cm | ||
| 336 | |a Text |b txt |2 rdacontent | ||
| 337 | |a ohne Hilfsmittel zu benutzen |b n |2 rdamedia | ||
| 338 | |a Band |b nc |2 rdacarrier | ||
| 610 | 1 | 7 | |a Polen |b Wojsko |2 gnd |0 (DE-588)2077025-X |0 (DE-603)043232337 |
| 648 | 7 | |a Geschichte 1919-2016 |2 gnd | |
| 650 | 7 | |a Panzer |0 (DE-588)4044497-1 |0 (DE-603)085124974 |2 gnd | |
| 650 | 7 | |a Selbstfahrlafette |0 (DE-588)4319353-5 |0 (DE-603)086760351 |2 gnd | |
| 856 | 4 | 2 | |m V:DE-603;B:DE-Mb50 |q application/pdf |u http://scans.hebis.de/HEBCGI/show.pl?41948424_toc.pdf |3 Inhaltsverzeichnis |
| 924 | 0 | |9 Mb 50 |a (DE-603)1009111272 |b DE-Mb50 |c HES |d c |g 18.00257 | |


